000
00319nam a2200121Ia 4500
005
20251222144747.0
008
251222s9999||||xx |||||||||||||| ||spa||
082
_a
261.8/D98
100
_a
Durand Flores, Ricardo
245
0
_a
Observaciones a Teología de la Liberación:
264
_b
Obispado del Callao
942
_c
LIB
999
_c
19177
_d
19177